00561nam a2200193Ia 450000500170000000800410001702000150005808200150007310000140008824500530010226000410015530000180019665000130021465000140022765000110024194200060025295200960025899900130035420240729021544.0240331s9999 xx 000 0 und d a8172000030 a294.3bKHO aKhosla, S 0aLalitavistara and the evolution of Buddha legend aNew DelhibGalaxy Publicationsc1991 axvi, 141 p ., aReligion aPolitical aSocial cL 001040708LaWERCLbWERCLcSSCd2024-03-31l0o 294.3 KHOp584r2024-03-31w2024-03-31yL c922d922